MARC

LEADER 00000nam0a2200000 4500
001 366867
005 20240923094529.0
035 |a (RuTPU)RU\TPU\retro\24230 
090 |a 366867 
100 |a 20220221d1980 m y0rusy50 ca 
101 0 |a rus 
102 |a RU 
105 |a a z 000zy 
200 1 |a В орбите войны. Записки советского корреспондента за рубежом 1939-1945   |f Д. Ф. Краминов 
210 |a Москва  |c Советская Россия  |d 1980 
215 |a 416 с.  |c ил. 
606 1 |a Журналисты в Великой Отечественной войне 1941-1945  |2 stltpush  |3 (RuTPU)RU\TPU\subj\66623  |9 82674 
606 |a Вторая мировая война 1939-1945  |x История  |9 81314 
610 1 |a Великая Отечественная война 1941-1945 
610 1 |a военные корреспонденты 
610 1 |a зарубежные страны 
610 1 |a ТАСС 
610 1 |a очерки 
610 1 |a записки 
686 |a Т3(2)622-28  |2 rubbk 
686 |a Т3(0)62  |2 rubbk 
700 1 |a Краминов  |b Д. Ф.  |g Даниил Федорович 
801 1 |a RU  |b 63413507  |c 20220221 
942 |c BK